Statistiques concernant Anatomie Glutéal

Cliquez ici pour prendre le quiz!

Statistiques générales

  • Ce quiz a été pris 25 fois
  • Le résultat moyen est 5 sur 15

Statistiques - réponses

HintRéponse% Correct
Grand fessier insertionPartie post crête iliaque/ partie at sacrum/coccyx
71%
Grand fessier terminaisonFace at de la cuisse, TIT
Face post fémur
67%
Moyen fessier insertion2/3 post crête iliaque
Face Lat aile iliaque
62%
Piriforme TerminaisonBord sup grand troch
62%
Piriforme insertionSacrum
43%
Moyen fessier terminaisonFace latéral Grand trochanter
38%
Jumeau sup/inf et Obturateur int/ext terminaisonFace latéral grand trochanter
38%
Petit fessier insertionFosse petit fessier, partie inférieur aile iliaque
38%
Petit fessier terminaisonFace antérieur grand trochanter
33%
Carré femoral terminaisonLigne inter-trochanter
19%
Carré femoral InsertionPartie la + latéral de la tubérosité ischiatique
14%
Obturateur externe insertionPourtour membrane/foramen obturateur
14%
Jumeau sup insertionTubérosité ischiatique
14%
Jumeau inf insertionEpine ischiatique externe
0%
Obturateur interne insertionPourtour foramen obturer
0%

Distribution des résultats

Percentile par nombre de réponses

% des personnes avec chaque résultat

Votre développement - résultats

Vous n’avez pas pris ce quiz